<?xml version="1.0" encoding="UTF-8"?>
<record
    xmlns:xsi="http://www.w3.org/2001/XMLSchema-instance"
    xsi:schemaLocation="http://www.loc.gov/MARC21/slim http://www.loc.gov/standards/marcxml/schema/MARC21slim.xsd"
    xmlns="http://www.loc.gov/MARC21/slim">

  <leader>01843nam a2200181Ia 4500</leader>
  <controlfield tag="008">151202s9999||||xx |||||||||||||| ||und||</controlfield>
  <datafield tag="082" ind1=" " ind2=" ">
    <subfield code="b">PNVM-72067</subfield>
  </datafield>
  <datafield tag="100" ind1=" " ind2=" ">
    <subfield code="a">"&#x938;&#x902;&#x92A;&#x93E;-&#x928;&#x93E;&#x92E;&#x91C;&#x94B;&#x936;&#x940;,&#x92D;&#x923;&#x917;&#x947;,&#x938;&#x93E;&#x933;&#x935;&#x940;,&#x916;&#x93F;&#x930;&#x940;&#x921;,&#x92A;&#x93F;&#x902;&#x917;&#x933;&#x947;,&#x92C;&#x93E;&#x92A;&#x91F;&#x935; &#x92A;&#x941;.&#x90F;.&#x915;&#x921;&#x942;&#x930;&#x915;&#x930; &#x92A;&#x941;&#x923;&#x947;&#x928;&#x917;&#x930;&#x935;&#x93E;&#x91A;&#x928;&#x92E;&#x902;&#x926;&#x93F;&#x930;"</subfield>
  </datafield>
  <datafield tag="245" ind1=" " ind2=" ">
    <subfield code="a">&#x935;&#x938;&#x902;&#x924; &#x935;&#x94D;&#x92F;&#x93E;&#x916;&#x94D;&#x92F;&#x93E;&#x928; &#x92E;&#x93E;&#x932;&#x93E; &#x936;&#x924;&#x93E;&#x92C;&#x94D;&#x926;&#x940; &#x92E;&#x939;&#x94B;&#x924;&#x94D;&#x938;&#x935; &#x938;&#x94D;&#x92E;&#x930;&#x923;&#x93F;&#x915;&#x93E; &#x926;&#x941;&#x930;&#x94D;&#x92E;&#x93F;&#x933; &#x90F;&#x948;&#x924;&#x93F;&#x939;&#x93E;&#x938;&#x93F;&#x915; &#x930;&#x947;&#x916;&#x93E;&#x91A;&#x93F;&#x924;&#x94D;&#x930;&#x93E;&#x902;&#x938;&#x939; &#x935;&#x94D;&#x92F;&#x93E;&#x916;&#x94D;&#x92F;&#x93E;&#x928;&#x92E;&#x93E;&#x932;&#x947;&#x91A;&#x93E; &#x907;&#x924;&#x93F;&#x939;&#x93E;&#x938; 1875 &#x924;&#x947; 1974.</subfield>
  </datafield>
  <datafield tag="260" ind1=" " ind2=" ">
    <subfield code="b">"&#x915;&#x947;&#x938;&#x930;&#x940; &#x92A;&#x94D;&#x930;&#x915;&#x93E;&#x936;&#x928;,&#x92A;&#x941;&#x923;&#x947;."</subfield>
  </datafield>
  <datafield tag="260" ind1=" " ind2=" ">
    <subfield code="c">7206</subfield>
  </datafield>
  <datafield tag="300" ind1=" " ind2=" ">
    <subfield code="a">140</subfield>
  </datafield>
  <datafield tag="600" ind1=" " ind2=" ">
    <subfield code="a">"&#x938;&#x902;&#x92A;&#x93E;-&#x928;&#x93E;&#x92E;&#x91C;&#x94B;&#x936;&#x940;,&#x92D;&#x923;&#x917;&#x947;,&#x938;&#x93E;&#x933;&#x935;&#x940;,&#x916;&#x93F;&#x930;&#x940;&#x921;,&#x92A;&#x93F;&#x902;&#x917;&#x933;&#x947;,&#x92C;&#x93E;&#x92A;&#x91F;&#x935; &#x92A;&#x941;.&#x90F;.&#x915;&#x921;&#x942;&#x930;&#x915;&#x930; &#x92A;&#x941;&#x923;&#x947;&#x928;&#x917;&#x930;&#x935;&#x93E;&#x91A;&#x928;&#x92E;&#x902;&#x926;&#x93F;&#x930;"</subfield>
  </datafield>
  <datafield tag="630" ind1=" " ind2=" ">
    <subfield code="a">&#x935;&#x938;&#x902;&#x924; &#x935;&#x94D;&#x92F;&#x93E;&#x916;&#x94D;&#x92F;&#x93E;&#x928; &#x92E;&#x93E;&#x932;&#x93E; &#x936;&#x924;&#x93E;&#x92C;&#x94D;&#x926;&#x940; &#x92E;&#x939;&#x94B;&#x924;&#x94D;&#x938;&#x935; &#x938;&#x94D;&#x92E;&#x930;&#x923;&#x93F;&#x915;&#x93E; &#x926;&#x941;&#x930;&#x94D;&#x92E;&#x93F;&#x933; &#x90F;&#x948;&#x924;&#x93F;&#x939;&#x93E;&#x938;&#x93F;&#x915; &#x930;&#x947;&#x916;&#x93E;&#x91A;&#x93F;&#x924;&#x94D;&#x930;&#x93E;&#x902;&#x938;&#x939; &#x935;&#x94D;&#x92F;&#x93E;&#x916;&#x94D;&#x92F;&#x93E;&#x928;&#x92E;&#x93E;&#x932;&#x947;&#x91A;&#x93E; &#x907;&#x924;&#x93F;&#x939;&#x93E;&#x938; 1875 &#x924;&#x947; 1974.</subfield>
  </datafield>
  <datafield tag="700" ind1=" " ind2=" ">
    <subfield code="a">"&#x938;&#x902;&#x92A;&#x93E;-&#x928;&#x93E;&#x92E;&#x91C;&#x94B;&#x936;&#x940;,&#x92D;&#x923;&#x917;&#x947;,&#x938;&#x93E;&#x933;&#x935;&#x940;,&#x916;&#x93F;&#x930;&#x940;&#x921;,&#x92A;&#x93F;&#x902;&#x917;&#x933;&#x947;,&#x92C;&#x93E;&#x92A;&#x91F;&#x935; &#x92A;&#x941;.&#x90F;.&#x915;&#x921;&#x942;&#x930;&#x915;&#x930; &#x92A;&#x941;&#x923;&#x947;&#x928;&#x917;&#x930;&#x935;&#x93E;&#x91A;&#x928;&#x92E;&#x902;&#x926;&#x93F;&#x930;"</subfield>
  </datafield>
  <datafield tag="730" ind1=" " ind2=" ">
    <subfield code="a">&#x935;&#x938;&#x902;&#x924; &#x935;&#x94D;&#x92F;&#x93E;&#x916;&#x94D;&#x92F;&#x93E;&#x928; &#x92E;&#x93E;&#x932;&#x93E; &#x936;&#x924;&#x93E;&#x92C;&#x94D;&#x926;&#x940; &#x92E;&#x939;&#x94B;&#x924;&#x94D;&#x938;&#x935; &#x938;&#x94D;&#x92E;&#x930;&#x923;&#x93F;&#x915;&#x93E; &#x926;&#x941;&#x930;&#x94D;&#x92E;&#x93F;&#x933; &#x90F;&#x948;&#x924;&#x93F;&#x939;&#x93E;&#x938;&#x93F;&#x915; &#x930;&#x947;&#x916;&#x93E;&#x91A;&#x93F;&#x924;&#x94D;&#x930;&#x93E;&#x902;&#x938;&#x939; &#x935;&#x94D;&#x92F;&#x93E;&#x916;&#x94D;&#x92F;&#x93E;&#x928;&#x92E;&#x93E;&#x932;&#x947;&#x91A;&#x93E; &#x907;&#x924;&#x93F;&#x939;&#x93E;&#x938; 1875 &#x924;&#x947; 1974.</subfield>
  </datafield>
  <datafield tag="942" ind1=" " ind2=" ">
    <subfield code="c">BOOK</subfield>
  </datafield>
  <datafield tag="999" ind1=" " ind2=" ">
    <subfield code="c">1338735</subfield>
    <subfield code="d">1338732</subfield>
  </datafield>
  <datafield tag="952" ind1=" " ind2=" ">
    <subfield code="0">0</subfield>
    <subfield code="1">0</subfield>
    <subfield code="4">0</subfield>
    <subfield code="7">0</subfield>
    <subfield code="a">PNVM</subfield>
    <subfield code="b">PNVM</subfield>
    <subfield code="d">2015-06-21</subfield>
    <subfield code="g">0.00</subfield>
    <subfield code="l">0</subfield>
    <subfield code="o">PNVM-72067</subfield>
    <subfield code="p">PNVM-72067</subfield>
    <subfield code="r">2015-12-02 00:00:00</subfield>
    <subfield code="v">0.00</subfield>
    <subfield code="w">2015-12-02</subfield>
    <subfield code="y">BOOK</subfield>
  </datafield>
</record>
